000
00302nam a22001217a 4500
082
_a
530
_b
BAT/S
100
_a
SUNIL BATRA
245
_a
SARASWATI COMPETITION BOOSTER PHYSICS
_b
CLASS XII
260
_a
DELHI
_b
SARASWATI HOUSE PVT LTD
300
_a
260
650
_a
PHYSICS FOR CLASS XII
_z
INDIA
942
_c
BK
999
_c
670
_d
670